| 000 | 01886nam a2200529 i 4500 | ||
|---|---|---|---|
| 001 | 56524 | ||
| 003 | KOSZ 005 | ||
| 005 | 20210113085656.0 | ||
| 008 | 120131s2009 pl a f f |000 0 pol | ||
| 015 | _aUWD 2012/10654 | ||
| 020 | _a9788375561388 | ||
| 035 | _a991009261259705066 | ||
| 035 | _a(PL-WaBN)b27066071-48omnis_nlop | ||
| 035 | _ab27066071 | ||
| 035 | _a(OCoLC)316486573 | ||
| 035 | _a(PL)b0000002706607 | ||
| 035 | _a(EXLNZ-48OMNIS_NETWORK)9910170660405606 | ||
| 040 |
_aWA N _cWA N _dKOSZ 005/HR |
||
| 046 | _k2009 | ||
| 080 | _a(07) | ||
| 080 | _a346.52 | ||
| 080 | _a657.6 | ||
| 100 | 1 |
_aGarstka, Małgorzata _eAutor |
|
| 245 | 1 | 0 |
_aProcedury badania sprawozdań finansowych zgodnie z Międzynarodowymi Standardami Rewizji Finansowej / _cMałgorzata Garstka. |
| 260 |
_aWarszawa : _bCeDeWu, _c2009. |
||
| 300 |
_a143 s. : _bil. ; _c24 cm. |
||
| 336 |
_aTekst _btxt _2rdacontent |
||
| 337 |
_aBez urządzenia pośredniczącego _bn _2rdamedia |
||
| 338 |
_aWolumin _bnc _2rdacarrier |
||
| 380 | _aKsiążki | ||
| 380 | _aPublikacje fachowe | ||
| 380 | _aPublikacje dydaktyczne | ||
| 385 | _aBiegli rewidenci | ||
| 385 |
_mPoziom nauczania _aSzkoły wyższe |
||
| 388 | _a2001- | ||
| 521 | 8 | _aDla biegłych rewidentów, osób przygotowujących się do pracy w tym zawodzie, studentów i pracowników nauk. zajmujących się tematyką audytu. | |
| 650 | 7 |
_aFinanse _2DBN |
|
| 650 | 7 | _aSprawozdawczość finansowa | |
| 650 | 7 | _aMiędzynarodowe Standardy Rewizji Finansowej | |
| 650 | 7 |
_aRachunkowość międzynarodowa _2DBN |
|
| 655 | 7 |
_aPodręcznik _2DBN |
|
| 658 | _aGospodarka, ekonomia, finanse | ||
| 710 | 2 |
_aCeDeWu _4pbl |
|
| 856 |
_uhttp://koha.tu.koszalin.pl/cgi-bin/koha/opac-detail.pl?biblionumber=56524 _yKatalog online BPK |
||
| 942 |
_2UKD _cKS |
||
| 999 |
_c56524 _d56524 |
||